000
00292nam a2200109Ia 4500
008
191201s2019 xx 000 0 und d
100
_a
NILSSON, Niles J
245
0
_a
Principles of Artificial Intelligence
250
_a
Rep
260
_b
Narosa Publication House
_a
NEW DELHI
942
_2
ddc
_c
BK
_0
1
999
_c
7953
_d
7953